[Event "Hoogeveen Unive op 19th"]
[Site "Hoogeveen"]
[Date "2015.10.22"]
[Round "7"]
[White "Kossen, Johannes"]
[Black "Hilwerda, Jonas"]
[Result "0-1"]
[WhiteElo "2029"]
[BlackElo "1954"]
[PlyCount "56"]
[EventDate "2015.10.17"]
[EventType "swiss"]
[EventRounds "9"]
[EventCountry "NED"]
[SourceTitle "EXT 2017"]
[Source "ChessBase"]
[SourceDate "2016.10.25"]
[SourceVersion "1"]
[SourceVersionDate "2016.10.25"]
[SourceQuality "1"]

1. d4 d5 2. c4 e6 3. Nf3 Nf6 4. g3 dxc4 5. Bg2 Bb4+ 6. Nc3 c5 7. 0-0 Nc6 8. dxc5 Qxd1 9. Rxd1 Bxc5 10. Nb5 Ke7 11. Bf4 Nd5 12. Nc7 Nxc7 13. Bxc7 Bd7 14. Rac1 Rac8 15. Rxc4 Bxf2+ 16. Kxf2 Rxc7 17. b4 Rhc8 18. b5 Na5 19. Rxc7 Rxc7 20. a4 f6 21. Nd2 Rc2 22. Ne4 Rc4 23. Rd3 b6 24. Nc3 Bc8 25. Re3 Bb7 26. Bxb7 Nxb7 27. Nd5+ Kf7 28. Rc3 exd5 0-1

[Event "Hoogeveen Unive op 19th"]
[Site "Hoogeveen"]
[Date "2015.10.18"]
[Round "2"]
[White "Schoppen, Casper"]
[Black "Kossen, Johannes"]
[Result "1-0"]
[WhiteElo "2220"]
[BlackElo "2029"]
[PlyCount "85"]
[EventDate "2015.10.17"]
[EventType "swiss"]
[EventRounds "9"]
[EventCountry "NED"]
[SourceTitle "EXT 2017"]
[Source "ChessBase"]
[SourceDate "2016.10.25"]
[SourceVersion "1"]
[SourceVersionDate "2016.10.25"]
[SourceQuality "1"]

1. d4 d5 2. c4 c6 3. Nf3 e6 4. Nc3 dxc4 5. e4 b5 6. a4 Bb4 7. axb5 cxb5 8. Bd2 Bxc3 9. bxc3 Bb7 10. Qb1 Qb6 11. Be3 Nd7 12. d5 Nc5 13. Qb4 Rc8 14. Nd4 exd5 15. Qxb5+ Nd7 16. Qxb6 axb6 17. Ra7 Ba8 18. Nf5 Ngf6 19. e5 Ne4 20. Nxg7+ Ke7 21. Nf5+ Ke6 22. Nd4+ Ke7 23. f3 Nec5 24. Bg5+ Kf8 25. Bh6+ Ke8 26. Nf5 Nb7 27. Bg7 Rg8 28. g3 Kd8 29. Bh3 Kc7 30. Ne7 Rce8 31. Nxg8 Rxg8 32. Bxd7 Kxd7 33. Bf6 Ke6 34. 0-0 Kf5 35. Rfa1 Na5 36. Rxf7 Kg6 37. Rd7 d4 38. Rxd4 Bxf3 39. Rf1 Bh5 40. g4 Kf7 41. Rd7+ Ke6 42. Rd6+ Kf7 43. Bg5+ 1-0

[Event "Bussum op 30th"]
[Site "Bussum"]
[Date "2013.05.18"]
[Round "2"]
[White "Kossen, Johannes"]
[Black "Houben, Jaap"]
[Result "0-1"]
[WhiteElo "1999"]
[BlackElo "2265"]
[PlyCount "84"]
[EventDate "2013.05.18"]
[EventType "swiss"]
[EventRounds "7"]
[EventCountry "NED"]
[SourceTitle "CBM 154 Extra"]
[Source "ChessBase"]
[SourceDate "2013.06.25"]
[SourceVersion "2"]
[SourceVersionDate "2013.06.25"]
[SourceQuality "1"]

1. c4 Nf6 2. g3 g6 3. Bg2 Bg7 4. Nc3 0-0 5. e4 d6 6. Nge2 Nbd7 7. 0-0 a6 8. d3 Rb8 9. a4 a5 10. h3 b6 11. Be3 Bb7 12. Rb1 e5 13. Qd2 Nc5 14. f4 exf4 15. Nxf4 Qe8 16. b3 Nfd7 17. Nfd5 Ne6 18. d4 c5 19. Nb5 cxd4 20. Nxd4 Nec5 21. Nb5 Nxe4 22. Bxe4 Qxe4 23. Nxd6 Qe6 24. Nxb7 Rxb7 25. Qg2 Rbb8 26. Rbe1 Ne5 27. Kh2 Qd6 28. Rd1 Qa3 29. Qc2 Nd7 30. Bf4 Rb7 31. Nc7 Ne5 32. Nb5 Qe7 33. Bc1 Rd8 34. Rde1 Rbd7 35. Nc3 Nf3+ 36. Rxf3 Qxe1 37. Nd5 Re8 38. Re3 Rxe3 39. Bxe3 Rxd5 40. cxd5 Qxe3 41. Qc8+ Bf8 42. d6 Qd2+ 0-1